Writings and speeches of professor D R Gadgil on cooperation (Record no. 23162)

MARC details
000 -LEADER
fixed length control field 00303nam a2200109Ia 4500
082 ## - DEWEY DECIMAL CLASSIFICATION NUMBER
Classification number 334
Item number GAD
100 ## - MAIN ENTRY--AUTHOR NAME
Personal name GADGIL, D R
245 #0 - TITLE STATEMENT
Title Writings and speeches of professor D R Gadgil on cooperation
260 ## - PUBLICATION, DISTRIBUTION, ETC. (IMPRINT)
Place of publication Bombay
Name of publisher POrient Longman
Year of publication 1975
942 ## - ADDED ENTRY ELEMENTS (KOHA)
Koha item type Books
Holdings
Withdrawn status Lost status Damaged status Not for loan Home library Current library Date acquired Full call number Accession Number Koha item type
        RRII Library RRII Library 16/12/2021 334 GAD 03863 Books